Droga Lecha w Europie 2022/23 - Statystyki

Ogólne statystyki
  • Ten quiz został rozwiązany 39 razy
  • Średni wynik to 7 z 10
Statystyki odpowiedzi
wyniki etap liga drużyna % Poprawnych
1-4, 3-2 ćwierćfinał Liga Konferencji Fiorentina
95%
3-4, 3-0 Faza grupowa Liga Konferencji Villarreal
89%
4-1, 1-1 Faza grupowa Liga Konferencji Austria Wiedeń
79%
1-0, 1-5 1 runda el. Liga Mistrzów Karabach Agdam
76%
0-0, 1-0 play-off (finał.) Liga Konferencji Bodo/Glimt
71%
5-0, 1-1 2 runda el. Liga Konferencji Dinamo Batumi
66%
0-1, 4-1 3 runda el. Liga Konferencji Vikingur Rejkiawik
63%
0-0, 1-1 Faza grupowa Liga Konferencji Hapoel Beer Szewa
61%
2-0, 1-1 play-off (el.) Liga Konferencji F91 Dudelange
58%
2-0, 3-0 1/8 finału Liga Konferencji Djurgardens IF
55%
Nie znaleziono quizów pasujących do podanych kryteriów
Rozkład punktacji
Procent ludzi z każdym wynikiem
Percentyl według liczby udzielonych odpowiedzi
Twoja historia wyników
Nie rozwiązałeś tego quizu